[Event "CZE-ch Youth B14 2022"]
[Site "Luhacovice"]
[Date "2022.03.15"]
[Round "5.9"]
[White "Dusanek, Michal"]
[Black "Sigut, Ondrej"]
[Result "1-0"]
[WhiteElo "1682"]
[BlackElo "1536"]
[Annotator "NA RC"]
[PlyCount "105"]
[EventDate "2022.03.12"]
[EventType "swiss"]
[EventCountry "CZE"]
[SourceTitle "playchess.com"]
[Source "ChessBase"]
[SourceQuality "1"]
[TimeControl "40/5400+30:1800+30"]

1. e4 {[%emt 0:00:07]} e6 {[%emt 0:00:10]} 2. d4 {[%emt 0:00:17]} d5 {[%emt 0:00:11]} 3. Nd2 {[%emt 0:00:40]} Nf6 {[%emt 0:00:32]} 4. e5 {[%emt 0:00:23]} Nfd7 {[%emt 0:00:11]} 5. Bd3 {[%emt 0:00:57]} c5 {[%emt 0:00:36]} 6. c3 {[%emt 0:00:28]} Nc6 {[%emt 0:00:22]} 7. Ne2 {[%emt 0:00:49]} cxd4 {[%emt 0:00:40]} 8. cxd4 {[%emt 0:00:13]} f6 {[%emt 0:02:01]} 9. exf6 {[%emt 0:00:29]} Nxf6 {[%emt 0:00:10]} 10. O-O {[%emt 0:02:15]} Bd6 {[%emt 0:01:22]} 11. Nf3 {[%emt 0:01:23]} O-O {[%emt 0:01:03]} 12. Bg5 {[%emt 0:05:41]} Qc7 {[%emt 0:02:47]} 13. Bh4 {[%emt 0:03:43]} Bd7 {[%emt 0:03:22]} 14. Bg3 {[%emt 0:02:36]} Rae8 {[%emt 0:02:02]} 15. Rc1 {[%emt 0:01:28]} Bxg3 {[%emt 0:10:45]} 16. hxg3 {[%emt 0:10:20]} Qd6 {[%emt 0:02:16]} 17. Nf4 {[%emt 0:20:32]} e5 {[%emt 0:13:02]} 18. dxe5 {[%emt 0:13:42]} Nxe5 {[%emt 0:01:35]} 19. Nd4 {[%emt 0:03:17]} Nxd3 20. Qxd3 {[%emt 0:02:45]} a6 {[%emt 0:16:10]} 21. Rfd1 {[%emt 0:04:09]} Rd8 {[%emt 0:10:54]} 22. Qb3 {[%emt 0:02:51]} b5 {[%emt 0:08:31]} 23. Qd3 {[%emt 0:05:13]} Kh8 {[%emt 0:02:17]} 24. b4 {[%emt 0:00:55]} Rfe8 {[%emt 0:03:14]} 25. a3 {[%emt 0:00:23]} Rc8 {[%emt 0:01:53]} 26. Nb3 {[%emt 0:01:32]} Rxc1 {[%emt 0:00:58]} 27. Rxc1 {[%emt 0:00:18]} Rc8 {[%emt 0:01:47]} 28. Rxc8+ {[%emt 0:03:04]} Bxc8 {[%emt 0:00:01]} 29. Nc5 {[%emt 0:00:12]} g6 {[%emt 0:02:09]} 30. Qd4 {[%emt 0:01:19]} Kg8 {[%emt 0:00:39]} 31. Ncd3 {[%emt 0:02:53]} Bf5 {[%emt 0:02:32]} 32. Nc5 {[%emt 0:00:39]} Bc8 {[%emt 0:01:39]} 33. Qc3 {[%emt 0:01:14]} Bf5 {[%emt 0:01:56]} 34. Nb7 {[%emt 0:01:34]} Qb6 {[%emt 0:01:23]} 35. Na5 {[%emt 0:00:20]} Ne4 {[%emt 0:01:27]} 36. Qb2 {[%emt 0:02:24]} Nf6 {[%emt 0:02:39]} 37. Nb3 {[%emt 0:00:24]} Qd8 {[%emt 0:02:01]} 38. Qe5 {[%emt 0:00:39]} Bc8 {[%emt 0:02:48]} 39. Nd4 {[%emt 0:00:29]} Bg4 {[%emt 0:01:11]} 40. Nc6 {[%emt 0:00:40]} Qf8 {[%emt 0:00:33]} 41. Ne7+ {[%emt 0:30:18]} Kf7 {[%emt 0:00:11]} 42. Nexd5 {[%emt 0:00:00]} Nxd5 {[%emt 0:05:43]} 43. Qxd5+ {[%emt 0:00:00]} Kg7 {[%emt 0:06:20]} 44. Qb7+ {[%emt 0:00:00]} Kh6 {[%emt 0:03:12]} 45. Qxa6 {[%emt 0:00:00]} Bd7 {[%emt 0:01:48]} 46. Qb7 {[%emt 0:00:00]} Qe8 {[%emt 0:03:18]} 47. Kh2 {[%emt 0:00:00]} Bc6 {[%emt 0:01:34]} 48. Qb6 {[%emt 0:00:00]} Kg7 {[%emt 0:02:46]} 49. Qd4+ {[%emt 0:00:00]} Kh6 {[%emt 0:01:19]} 50. Qf6 {[%emt 0:00:00]} Qd7 {[%emt 0:03:06]} 51. Ne6 {[%emt 0:01:23]} Qd5 {[%emt 0:01:30]} 52. Qf8+ {[%emt 0:00:20]} Kh5 {[%emt 0:00:15]} 53. Nf4+ {[%emt 0:00:17]} 1-0

[Event "CZE-ch Youth B14 2022"]
[Site "Luhacovice"]
[Date "2022.03.15"]
[Round "5.10"]
[White "Kubin, Tomas Daniel"]
[Black "Davidek, Zdenek"]
[Result "1/2-1/2"]
[WhiteElo "1666"]
[BlackElo "1570"]
[Annotator "NA RC"]
[PlyCount "161"]
[EventDate "2022.03.12"]
[EventType "swiss"]
[EventCountry "CZE"]
[SourceTitle "playchess.com"]
[Source "ChessBase"]
[SourceQuality "1"]
[TimeControl "40/5400+30:1800+30"]

1. e4 {[%emt 0:00:03]} c6 {[%emt 0:00:43]} 2. d4 {[%emt 0:00:07]} d5 {[%emt 0:00:04]} 3. Nc3 {[%emt 0:00:17]} dxe4 {[%emt 0:00:44]} 4. Nxe4 {[%emt 0:00:08]} Bf5 {[%emt 0:01:07]} 5. Ng3 {[%emt 0:00:07]} Bg6 {[%emt 0:00:06]} 6. h4 {[%emt 0:00:39]} h6 {[%emt 0:00:10]} 7. h5 {[%emt 0:00:21]} Bh7 {[%emt 0:00:05]} 8. Nf3 {[%emt 0:00:26]} e6 {[%emt 0:00:57]} 9. Bd3 {[%emt 0:00:23]} Bxd3 {[%emt 0:00:09]} 10. Qxd3 {[%emt 0:00:08]} Nf6 {[%emt 0:00:22]} 11. Bd2 {[%emt 0:00:56]} Be7 {[%emt 0:03:00]} 12. O-O-O {[%emt 0:01:38]} O-O {[%emt 0:03:25]} 13. Kb1 {[%emt 0:04:04]} Nbd7 {[%emt 0:01:12]} 14. Ne4 {[%emt 0:01:12]} Nxe4 {[%emt 0:00:50]} 15. Qxe4 {[%emt 0:00:06]} Nf6 {[%emt 0:00:04]} 16. Qe2 {[%emt 0:00:32]} Qd5 {[%emt 0:00:11]} 17. Rde1 {[%emt 0:02:59]} b5 {[%emt 0:09:51]} 18. g4 {[%emt 0:14:34]} Nh7 {[%emt 0:09:41]} 19. Ne5 {[%emt 0:17:24]} Rfd8 {[%emt 0:07:04]} 20. g5 {[%emt 0:15:11]} hxg5 {[%emt 0:19:54]} 21. f4 {[%emt 0:07:02]} Bf6 {[%emt 0:21:33]} 22. Ba5 {[%emt 0:06:27]} Bxe5 {[%emt 0:10:05]} 23. dxe5 {[%emt 0:03:08]} Re8 {[%emt 0:02:15]} 24. fxg5 {[%emt 0:01:01]} Nxg5 {[%emt 0:02:56]} 25. Qg4 {[%emt 0:05:47]} f6 {[%emt 0:05:22]} 26. h6 {[%emt 0:00:26]} Qf3 {[%emt 0:00:47]} 27. Qh4 {[%emt 0:01:35]} g6 {[%emt 0:00:42]} 28. exf6 {[%emt 0:03:29]} Nf7 {[%emt 0:00:23]} 29. h7+ {[%emt 0:03:38]} Kh8 {[%emt 0:00:03]} 30. Rhg1 {[%emt 0:00:43]} Qf5 {[%emt 0:01:09]} 31. Ref1 {[%emt 0:00:27]} Qh5 {[%emt 0:00:13]} 32. Qxh5 {[%emt 0:00:47]} gxh5 {[%emt 0:00:00]} 33. Rg7 {[%emt 0:00:23]} Nd6 {[%emt 0:00:23]} 34. Rd7 {[%emt 0:05:33]} Nf5 {[%emt 0:01:13]} 35. Bc3 {[%emt 0:01:32]} Rf8 {[%emt 0:00:38]} 36. Rh1 {[%emt 0:02:50]} h4 {[%emt 0:00:12]} 37. f7+ {[%emt 0:01:25]} Kxh7 {[%emt 0:00:10]} 38. Bb4 {[%emt 0:00:26]} Kg6 {[%emt 0:00:37]} 39. Bxf8 {[%emt 0:00:52]} Rxf8 {[%emt 0:00:03]} 40. Rxa7 {[%emt 0:00:00]} Rxf7 {[%emt 0:00:00]} 41. Rxf7 {[%emt 0:02:06]} Kxf7 {[%emt 0:00:21]} 42. Kc1 {[%emt 0:00:55]} Ke7 {[%emt 0:08:31]} 43. Kd2 {[%emt 0:08:34]} Kd6 {[%emt 0:00:51]} 44. Ke1 {[%emt 0:02:25]} e5 {[%emt 0:11:46]} 45. Kf2 {[%emt 0:03:53]} e4 {[%emt 0:02:32]} 46. b3 {[%emt 0:02:36]} b4 {[%emt 0:00:57]} 47. a4 {[%emt 0:03:39]} bxa3 {[%emt 0:00:30]} 48. Ra1 {[%emt 0:00:07]} Nd4 {[%emt 0:03:52]} 49. Ra2 {[%emt 0:08:00]} Ke5 {[%emt 0:03:27]} 50. c3 {[%emt 0:01:34]} Nxb3 {[%emt 0:02:07]} 51. Rxa3 {[%emt 0:00:05]} Nc5 {[%emt 0:00:16]} 52. Ke3 {[%emt 0:01:46]} Kd5 {[%emt 0:00:52]} 53. Ra2 {[%emt 0:01:17]} Kc4 {[%emt 0:00:35]} 54. Rh2 {[%emt 0:00:08]} Kxc3 {[%emt 0:01:10]} 55. Rxh4 {[%emt 0:00:03]} Kc4 {[%emt 0:00:31]} 56. Rg4 {[%emt 0:00:36]} Kc3 {[%emt 0:00:59]} 57. Rg6 {[%emt 0:00:23]} Kc4 {[%emt 0:00:36]} 58. Rxc6 {[%emt 0:00:26]} Kd5 {[%emt 0:00:37]} 59. Rh6 {[%emt 0:00:24]} Nd7 {[%emt 0:00:29]} 60. Rh5+ {[%emt 0:00:39]} Ke6 {[%emt 0:00:30]} 61. Ra5 {[%emt 0:00:54]} Nf6 {[%emt 0:00:24]} 62. Kf4 {[%emt 0:00:18]} e3 {[%emt 0:00:40]} 63. Kxe3 {[%emt 0:00:39]} Nd5+ {[%emt 0:00:14]} 64. Ke4 {[%emt 0:00:35]} Nf6+ {[%emt 0:00:05]} 65. Kd4 {[%emt 0:00:23]} Ng4 {[%emt 0:00:46]} 66. Ra6+ {[%emt 0:00:33]} Kf5 {[%emt 0:00:09]} 67. Rd6 {[%emt 0:00:37]} Nf6 {[%emt 0:00:24]} 68. Rd8 {[%emt 0:00:32]} Ke6 {[%emt 0:00:15]} 69. Ra8 {[%emt 0:00:44]} Kf5 {[%emt 0:00:20]} 70. Ra5+ {[%emt 0:00:18]} Ke6 {[%emt 0:00:49]} 71. Re5+ {[%emt 0:00:08]} Kd6 {[%emt 0:00:26]} 72. Re1 {[%emt 0:00:30]} Nd7 {[%emt 0:00:49]} 73. Rh1 {[%emt 0:00:37]} Nf6 {[%emt 0:00:08]} 74. Rh3 {[%emt 0:00:51]} Ke6 {[%emt 0:00:21]} 75. Re3+ {[%emt 0:00:51]} Kd6 {[%emt 0:00:05]} 76. Ra3 {[%emt 0:00:15]} Ke6 {[%emt 0:00:12]} 77. Ra5 {[%emt 0:00:18]} Nd7 {[%emt 0:01:16]} 78. Ke4 {[%emt 0:01:12]} Nf6+ {[%emt 0:00:09]} 79. Kf4 {[%emt 0:00:06]} Nd5+ {[%emt 0:00:09]} 80. Kg5 {[%emt 0:00:47]} Ke5 {[%emt 0:00:36]} 81. Rb5 {[%emt 0:00:31]} 1/2-1/2

[Event "CZE-ch Youth B14 2022"]
[Site "Luhacovice"]
[Date "2022.03.15"]
[Round "5.11"]
[White "Hozda, Max"]
[Black "Mrazek, Adam"]
[Result "1-0"]
[WhiteElo "1901"]
[BlackElo "1582"]
[Annotator "ChessBase"]
[PlyCount "79"]
[EventDate "2022.03.12"]
[EventType "swiss"]
[EventCountry "CZE"]
[SourceTitle "playchess.com"]
[Source "ChessBase"]
[SourceQuality "1"]
[TimeControl "40/5400+30:1800+30"]

1. d4 {[%emt 0:00:07]} Nf6 {[%emt 0:00:09]} 2. c4 {[%emt 0:00:03]} g6 {[%emt 0:00:07]} 3. Nc3 {[%emt 0:00:03]} Bg7 {[%emt 0:00:03]} 4. e4 {[%emt 0:00:06]} d6 {[%emt 0:00:06]} 5. Nf3 {[%emt 0:00:04]} O-O {[%emt 0:00:08]} 6. Be2 {[%emt 0:00:03]} e5 {[%emt 0:01:19]} 7. d5 {[%emt 0:00:13]} Nbd7 {[%emt 0:00:08]} 8. O-O {[%emt 0:01:18]} a5 {[%emt 0:04:31]} 9. Qc2 {[%emt 0:03:37]} Nc5 {[%emt 0:02:04]} 10. Be3 {[%emt 0:03:27]} Nh5 {[%emt 0:14:55]} 11. Nd2 {[%emt 0:12:26]} Nf4 {[%emt 0:01:21]} 12. Kh1 {[%emt 0:14:10]} f5 {[%emt 0:04:25]} 13. f3 {[%emt 0:05:13]} g5 {[%emt 0:16:01]} 14. b3 {[%emt 0:06:54]} h5 {[%emt 0:04:49]} 15. a3 {[%emt 0:04:16]} Nxe2 {[%emt 0:07:23]} 16. Nxe2 {[%emt 0:00:22]} f4 {[%emt 0:00:10]} 17. Bg1 {[%emt 0:09:06]} g4 {[%emt 0:02:04]} 18. b4 {[%emt 0:11:39]} Nd7 {[%emt 0:18:45]} 19. fxg4 {[%emt 0:06:27]} hxg4 {[%emt 0:00:09]} 20. Rab1 {[%emt 0:02:28]} Nf6 {[%emt 0:08:06]} 21. g3 {[%emt 0:02:42]} Nh5 {[%emt 0:04:41]} 22. Bf2 {[%emt 0:00:59]} Rf7 {[%emt 0:01:41]} 23. c5 {[%emt 0:00:59]} Bf8 {[%emt 0:00:51]} 24. cxd6 {[%emt 0:01:10]} cxd6 {[%emt 0:00:09]} 25. Nc4 {[%emt 0:04:32]} Rc7 {[%emt 0:08:22]} 26. Qb3 {[%emt 0:00:45]} a4 {[%emt 0:00:31]} 27. Qa2 {[%emt 0:00:06]} b5 {[%emt 0:00:25]} 28. Na5 {[%emt 0:01:36]} Ra6 {[%emt 0:00:33]} 29. Nc6 {[%emt 0:00:22]} Qe8 {[%emt 0:00:31]} 30. Rbc1 {[%emt 0:01:25]} Bd7 {[%emt 0:00:29]} 31. Nc3 {[%emt 0:01:10]} fxg3 {[%emt 0:00:31]} 32. hxg3 {[%emt 0:01:41]} Rb7 {[%emt 0:00:30]} 33. Kg2 {[%emt 0:01:52]} Bh6 {[%emt 0:00:26]} 34. Rce1 {[%emt 0:00:27]} Kh7 {[%emt 0:00:29]} 35. Rh1 {[%emt 0:02:10]} Bxc6 {[%emt 0:00:27]} 36. dxc6 {[%emt 0:00:00]} Rxc6 {[%emt 0:00:00]} 37. Nd5 {[%emt 0:00:00]} Kg6 {[%emt 0:01:09]} 38. Rxh5 {[%emt 0:00:28]} Qf7 {[%emt 0:00:30]} 39. Rf5 {[%emt 0:00:13]} Qe8 {[%emt 0:00:31]} 40. Qe2 {[%emt 0:00:42]} 1-0

[Event "CZE-ch Youth B14 2022"]
[Site "Luhacovice"]
[Date "2022.03.15"]
[Round "5.12"]
[White "Tesar, Jakub"]
[Black "Veverka, Vladimir"]
[Result "1-0"]
[WhiteElo "1660"]
[BlackElo "1723"]
[Annotator "NA"]
[PlyCount "61"]
[EventDate "2022.03.12"]
[EventType "swiss"]
[EventCountry "CZE"]
[SourceTitle "playchess.com"]
[Source "ChessBase"]
[SourceQuality "1"]
[TimeControl "40/5400+30:1800+30"]

1. e4 e6 2. d4 d5 3. Nd2 Nf6 4. e5 Nfd7 5. Bd3 c5 6. c3 Nc6 7. Ne2 cxd4 8. cxd4 f6 9. exf6 Nxf6 10. Nf3 Bd6 11. O-O Qc7 12. Bg5 O-O 13. Bh4 Bd7 14. Bg3 Be8 15. Ng5 Bf7 16. Qc2 h6 17. Nxf7 Rxf7 18. Bg6 Rff8 19. Rfe1 Bxg3 20. fxg3 Qd6 21. Rad1 Ne8 22. Nf4 Rf6 23. Qe2 Nc7 24. Bb1 Re8 25. Nh5 Rff8 26. Qd3 Rf5 27. g4 Nb4 28. Qe2 Rff8 29. a3 Nc6 30. Qc2 Ra8 31. Rf1 1-0

[Event "CZE-ch Youth B14 2022"]
[Site "Luhacovice"]
[Date "2022.03.16"]
[Round "6.1"]
[White "Prazak, Daniel"]
[Black "Zelba, Lukas"]
[Result "1/2-1/2"]
[WhiteElo "2016"]
[BlackElo "1945"]
[Annotator "ChessBase"]
[PlyCount "61"]
[EventDate "2022.03.12"]
[EventType "swiss"]
[EventCountry "CZE"]
[SourceTitle "playchess.com"]
[Source "ChessBase"]
[SourceQuality "1"]
[TimeControl "40/5400+30:1800+30"]

1. e4 {[%emt 0:00:02]} e6 {[%emt 0:00:03]} 2. d4 {[%emt 0:00:31]} d5 {[%emt 0:00:06]} 3. exd5 {[%emt 0:00:10]} exd5 {[%emt 0:00:04]} 4. Nf3 {[%emt 0:00:02]} Bd6 {[%emt 0:00:30]} 5. c4 {[%emt 0:00:04]} Nf6 {[%emt 0:00:16]} 6. Nc3 {[%emt 0:05:50]} c6 {[%emt 0:02:47]} 7. Bd3 {[%emt 0:01:28]} O-O {[%emt 0:08:03]} 8. O-O {[%emt 0:01:06]} Bg4 {[%emt 0:04:15]} 9. h3 {[%emt 0:00:43]} Bh5 {[%emt 0:01:06]} 10. g4 {[%emt 0:01:26]} Bg6 {[%emt 0:09:06]} 11. Ne5 {[%emt 0:03:58]} dxc4 {[%emt 0:14:18]} 12. Bxc4 {[%emt 0:00:55]} Ne4 {[%emt 0:07:26]} 13. Qf3 {[%emt 0:41:19]} Bxe5 {[%emt 0:17:25]} 14. dxe5 {[%emt 0:01:23]} Qd4 {[%emt 0:00:44]} 15. Nxe4 {[%emt 0:02:44]} Bxe4 {[%emt 0:04:45]} 16. Qc3 {[%emt 0:01:13]} Qxc3 {[%emt 0:00:16]} 17. bxc3 {[%emt 0:00:01]} Nd7 {[%emt 0:05:22]} 18. Re1 {[%emt 0:01:14]} Bd5 {[%emt 0:01:07]} 19. Bxd5 {[%emt 0:04:42]} cxd5 {[%emt 0:00:02]} 20. Rb1 {[%emt 0:00:36]} Rfe8 {[%emt 0:03:17]} 21. f4 {[%emt 0:02:27]} Nc5 {[%emt 0:05:01]} 22. Be3 {[%emt 0:07:15]} Rac8 {[%emt 0:01:34]} 23. Bxc5 {[%emt 0:03:14]} Rxc5 {[%emt 0:00:04]} 24. Rxb7 {[%emt 0:00:03]} Rxc3 {[%emt 0:00:14]} 25. Kg2 {[%emt 0:00:32]} Rc2+ {[%emt 0:00:18]} 26. Kg3 {[%emt 0:00:01]} Rxa2 {[%emt 0:02:21]} 27. Rc1 {[%emt 0:02:30]} Ra3+ {[%emt 0:02:01]} 28. Kg2 {[%emt 0:02:45]} Ra2+ {[%emt 0:03:52]} 29. Kg3 {[%emt 0:00:14]} Ra3+ {[%emt 0:00:17]} 30. Kg2 {[%emt 0:00:02]} Ra2+ {[%emt 0:00:11]} 31. Kg3 1/2-1/2

[Event "CZE-ch Youth B14 2022"]
[Site "Luhacovice"]
[Date "2022.03.16"]
[Round "6.2"]
[White "Hladky, Tadeas"]
[Black "Soucek, Jan"]
[Result "1-0"]
[WhiteElo "2029"]
[BlackElo "1849"]
[Annotator "ChessBase"]
[PlyCount "63"]
[EventDate "2022.03.12"]
[EventType "swiss"]
[EventCountry "CZE"]
[SourceTitle "playchess.com"]
[Source "ChessBase"]
[SourceQuality "1"]
[TimeControl "40/5400+30:1800+30"]

1. e4 {[%emt 0:00:04]} e6 {[%emt 0:00:52]} 2. d4 {[%emt 0:00:07]} d5 {[%emt 0:00:05]} 3. Nd2 {[%emt 0:00:28]} Nf6 {[%emt 0:00:13]} 4. e5 {[%emt 0:00:07]} Nfd7 {[%emt 0:00:02]} 5. Bd3 {[%emt 0:00:19]} c5 {[%emt 0:00:08]} 6. c3 {[%emt 0:00:04]} b6 {[%emt 0:00:04]} 7. Qe2 {[%emt 0:07:01]} cxd4 {[%emt 0:01:41]} 8. cxd4 {[%emt 0:00:22]} Nc6 {[%emt 0:00:14]} 9. Ndf3 {[%emt 0:01:28]} Nb4 {[%emt 0:00:47]} 10. a3 {[%emt 0:03:53]} Nxd3+ {[%emt 0:00:46]} 11. Qxd3 {[%emt 0:00:04]} Be7 {[%emt 0:13:21]} 12. Nh3 {[%emt 0:03:00]} a5 {[%emt 0:01:49]} 13. Nfg5 {[%emt 0:09:32]} g6 {[%emt 0:36:27]} 14. Qf3 {[%emt 0:03:11]} O-O {[%emt 0:00:18]} 15. O-O {[%emt 0:02:12]} h6 {[%emt 0:07:36]} 16. Nxe6 {[%emt 0:00:50]} fxe6 {[%emt 0:00:08]} 17. Qg4 {[%emt 0:00:06]} Kh7 {[%emt 0:08:55]} 18. Nf4 {[%emt 0:02:43]} Rg8 {[%emt 0:08:39]} 19. Nxe6 {[%emt 0:03:19]} Qe8 {[%emt 0:12:29]} 20. Nc7 {[%emt 0:02:46]} Qf8 {[%emt 0:01:22]} 21. Nxa8 {[%emt 0:00:47]} Nxe5 {[%emt 0:04:01]} 22. Qg3 {[%emt 0:00:02]} Nf7 {[%emt 0:00:51]} 23. Nxb6 {[%emt 0:00:38]} Ba6 {[%emt 0:00:33]} 24. Re1 {[%emt 0:00:35]} Qd8 {[%emt 0:00:37]} 25. Nxd5 {[%emt 0:01:52]} Bd6 {[%emt 0:00:01]} 26. Bf4 {[%emt 0:00:07]} Bxf4 {[%emt 0:00:44]} 27. Nxf4 {[%emt 0:00:34]} Qxd4 {[%emt 0:00:02]} 28. Ne6 {[%emt 0:00:47]} Qxb2 {[%emt 0:00:21]} 29. Qc7 {[%emt 0:00:06]} Qf6 {[%emt 0:00:20]} 30. Nc5 {[%emt 0:01:28]} Rc8 {[%emt 0:01:12]} 31. Qe7 {[%emt 0:02:06]} Qf5 {[%emt 0:00:47]} 32. Nxa6 {[%emt 0:00:06]} 1-0

[Event "CZE-ch Youth B14 2022"]
[Site "Luhacovice"]
[Date "2022.03.16"]
[Round "6.3"]
[White "Buchta, Bartolomej"]
[Black "Brozka, Karel"]
[Result "1-0"]
[WhiteElo "1901"]
[BlackElo "2125"]
[Annotator "ChessBase"]
[PlyCount "94"]
[EventDate "2022.03.12"]
[EventType "swiss"]
[EventCountry "CZE"]
[SourceTitle "playchess.com"]
[Source "ChessBase"]
[SourceQuality "1"]
[TimeControl "40/5400+30:1800+30"]

1. e4 {[%emt 0:00:02]} c5 {[%emt 0:00:14]} 2. Nf3 {[%emt 0:00:07]} Nc6 {[%emt 0:00:09]} 3. d4 {[%emt 0:00:05]} cxd4 {[%emt 0:00:05]} 4. Nxd4 {[%emt 0:00:04]} e5 {[%emt 0:00:09]} 5. Nb5 {[%emt 0:00:27]} d6 {[%emt 0:00:15]} 6. N1c3 {[%emt 0:00:34]} a6 {[%emt 0:00:17]} 7. Na3 {[%emt 0:00:07]} Be7 {[%emt 0:00:14]} 8. Nc4 {[%emt 0:00:19]} b5 {[%emt 0:00:08]} 9. Ne3 {[%emt 0:00:07]} Nf6 {[%emt 0:00:45]} 10. Ned5 {[%emt 0:07:27]} Be6 {[%emt 0:01:44]} 11. Be3 {[%emt 0:05:52]} Rb8 {[%emt 0:00:36]} 12. Nxf6+ {[%emt 0:02:25]} Bxf6 {[%emt 0:01:56]} 13. a4 {[%emt 0:04:54]} Nd4 {[%emt 0:22:39]} 14. axb5 {[%emt 0:12:26]} axb5 {[%emt 0:02:09]} 15. Bxd4 {[%emt 0:05:56]} exd4 {[%emt 0:00:13]} 16. Nxb5 {[%emt 0:10:33]} Qb6 {[%emt 0:02:16]} 17. Ra6 {[%emt 0:11:05]} Qc5 {[%emt 0:00:55]} 18. Nxd6+ {[%emt 0:00:18]} Ke7 {[%emt 0:01:59]} 19. Bd3 {[%emt 0:03:48]} Rhd8 {[%emt 0:10:46]} 20. Nf5+ {[%emt 0:02:29]} Bxf5 {[%emt 0:09:14]} 21. exf5 {[%emt 0:00:12]} Qb4+ {[%emt 0:05:11]} 22. Qd2 {[%emt 0:00:45]} Qxd2+ {[%emt 0:01:37]} 23. Kxd2 {[%emt 0:00:04]} Rxb2 {[%emt 0:00:29]} 24. Ra7+ {[%emt 0:09:33]} Rd7 {[%emt 0:17:22]} 25. Rxd7+ {[%emt 0:03:22]} Kxd7 {[%emt 0:00:01]} 26. Bc4 {[%emt 0:00:25]} Ke7 {[%emt 0:01:23]} 27. Bb3 {[%emt 0:03:03]} g6 {[%emt 0:01:26]} 28. fxg6 {[%emt 0:00:36]} fxg6 {[%emt 0:00:53]} 29. Rd1 {[%emt 0:02:52]} Bg5+ {[%emt 0:00:56]} 30. Kd3 {[%emt 0:00:14]} Bf6 {[%emt 0:00:04]} 31. g3 {[%emt 0:01:36]} Kd6 {[%emt 0:02:27]} 32. Kd2 {[%emt 0:02:00]} Bg5+ {[%emt 0:00:04]} 33. f4 {[%emt 0:00:30]} Bf6 {[%emt 0:00:16]} 34. Kc1 {[%emt 0:00:43]} d3 {[%emt 0:00:14]} 35. Rxd3+ {[%emt 0:00:04]} Ke7 {[%emt 0:00:23]} 36. Rd5 {[%emt 0:01:08]} h5 {[%emt 0:00:38]} 37. Re5+ {[%emt 0:02:48]} Bxe5 {[%emt 0:01:10]} 38. fxe5 {[%emt 0:00:05]} Rxb3 {[%emt 0:00:02]} 39. cxb3 {[%emt 0:00:06]} Ke6 {[%emt 0:00:13]} 40. Kd2 {[%emt 0:00:40]} Kxe5 {[%emt 0:00:06]} 41. Ke3 {[%emt 0:30:53]} g5 {[%emt 0:30:03]} 42. h3 {[%emt 0:00:54]} Kd5 {[%emt 0:00:14]} 43. b4 {[%emt 0:00:09]} Kc4 {[%emt 0:00:02]} 44. Ke4 {[%emt 0:00:14]} Kxb4 {[%emt 0:00:07]} 45. Kf5 {[%emt 0:00:11]} g4 {[%emt 0:00:07]} 46. h4 {[%emt 0:02:33]} Kc5 {[%emt 0:00:04]} 47. Kg5 {[%emt 0:00:05]} Kd5 {[%emt 0:00:04]} 1-0

[Event "CZE-ch Youth B14 2022"]
[Site "Luhacovice"]
[Date "2022.03.16"]
[Round "6.4"]
[White "Siles, Jan"]
[Black "Fizer, Marek"]
[Result "0-1"]
[WhiteElo "1548"]
[BlackElo "1876"]
[Annotator "NA"]
[PlyCount "88"]
[EventDate "2022.03.12"]
[EventType "swiss"]
[EventCountry "CZE"]
[SourceTitle "playchess.com"]
[Source "ChessBase"]
[SourceQuality "1"]
[TimeControl "40/5400+30:1800+30"]

1. f4 {[%emt 0:00:12]} f5 {[%emt 0:00:26]} 2. Nf3 {[%emt 0:00:22]} Nf6 {[%emt 0:00:09]} 3. e3 {[%emt 0:01:54]} d6 {[%emt 0:00:32]} 4. Bc4 {[%emt 0:01:20]} d5 {[%emt 0:01:47]} 5. Be2 {[%emt 0:00:55]} g6 {[%emt 0:01:45]} 6. O-O {[%emt 0:00:20]} Bg7 {[%emt 0:00:15]} 7. c3 {[%emt 0:07:24]} (7. c4 $14 {is superior.}) 7... O-O {[%emt 0:04:26]} 8. Ne5 {[%emt 0:01:11]} b6 {[%emt 0:05:57]} 9. d4 {[%emt 0:03:08]} Nbd7 {[%emt 0:05:08]} 10. c4 {[%emt 0:21:38]} Bb7 {[%emt 0:10:55]} 11. cxd5 {[%emt 0:00:52]} Nxe5 {[%emt 0:08:02]} ({Resist} 11... Bxd5 12. Nc3 $14) 12. dxe5 {[%emt 0:02:03]} Nxd5 {[%emt 0:03:41]} 13. Qb3 {[%emt 0:03:47]} e6 {[%emt 0:01:27]} 14. Rd1 {[%emt 0:04:47]} Qe7 {[%emt 0:02:13]} 15. Bd2 {[%emt 0:09:59]} Rfd8 {[%emt 0:07:27]} 16. Nc3 {[%emt 0:01:15]} g5 {[%emt 0:13:20]} 17. Nxd5 {[%emt 0:06:32]} Bxd5 {[%emt 0:01:50]} 18. Bc4 {[%emt 0:00:20]} gxf4 {[%emt 0:03:45]} 19. Bxd5 {[%emt 0:00:36]} Rxd5 {[%emt 0:00:15]} 20. exf4 {[%emt 0:00:45]} Rad8 {[%emt 0:00:51]} 21. Be3 {[%emt 0:01:12]} Qd7 {[%emt 0:01:37]} 22. Rxd5 {[%emt 0:02:37]} Qxd5 {[%emt 0:00:08]} 23. Qxd5 {[%emt 0:00:08]} exd5 {[%emt 0:04:47]} 24. Rd1 {[%emt 0:03:09]} c5 {[%emt 0:00:56]} 25. Kf2 {[%emt 0:01:45]} d4 {[%emt 0:00:56]} 26. Bd2 {[%emt 0:00:28]} Kf7 {[%emt 0:00:38]} 27. h3 {[%emt 0:03:48]} h5 {[%emt 0:01:20]} 28. Kf3 {[%emt 0:01:03]} Ke6 {[%emt 0:00:58]} 29. g4 {[%emt 0:00:06]} hxg4+ {[%emt 0:00:40]} 30. hxg4 {[%emt 0:00:09]} Rh8 {[%emt 0:00:55]} 31. gxf5+ {[%emt 0:04:41]} Kxf5 {[%emt 0:00:07]} 32. Re1 {[%emt 0:13:05]} Rh3+ {[%emt 0:03:42]} 33. Kg2 {[%emt 0:00:43]} Rd3 {[%emt 0:00:22]} 34. Bc1 {[%emt 0:01:12]} Bf8 {[%emt 0:00:29]} 35. Kf2 {[%emt 0:02:23]} Be7 {[%emt 0:01:22]} 36. Kg2 {[%emt 0:00:27]} (36. Rh1 $17 {is the only way for White.}) 36... c4 {[%emt 0:02:50]} 37. a3 {[%emt 0:01:01]} c3 {[%emt 0:00:40]} 38. bxc3 {[%emt 0:00:53]} dxc3 {[%emt 0:03:31]} 39. Re2 {[%emt 0:00:17]} b5 {[%emt 0:01:08]} 40. e6 {[%emt 0:01:20]} Kf6 $19 {[%emt 0:03:29]} 41. Be3 {[%emt 0:11:25]} a5 {[%emt 0:02:15]} 42. Bc1 {[%emt 0:07:08]} Rd1 {[%emt 0:01:08]} 43. Rc2 {[%emt 0:02:14]} Bxa3 {[%emt 0:02:18]} 44. Bxa3 {[%emt 0:00:11]} Rd2+ 0-1